Loading...
Literature - American Literature | 0 | 1 | 0 | 0 | 10 | 129 | 129.00 | 0 | 1 |
Religion | 0 | 1 | 0 | 1 | 10 | 122 | 122.00 | 0 | 1 |
Mythology | 0 | 1 | 1 | 0 | 5 | 57 | 57.00 | 0 | 1 |
History - World History | 0 | 1 | 1 | 0 | 5 | 25 | 25.00 | 1 | 1 |
Fine Arts - Classical Music | 0 | 0 | 0 | 0 | 0 | 0.00 | 0 | 0 | |
History - Other History | 0 | 1 | 2 | 0 | 0 | 71 | 71.00 | 1 | 1 |
Science - Biology | 0 | 0 | 1 | 0 | -5 | 0.00 | 0 | 0 | |
Other | 0 | 0 | 1 | 0 | -5 | 0.00 | 0 | 0 | |
Fine Arts - Painting & Sculpture | 0 | 0 | 1 | 0 | -5 | 0.00 | 0 | 0 | |
Literature - World Literature | 0 | 0 | 1 | 0 | -5 | 0.00 | 0 | 0 | |
Science - Other Science | 0 | 0 | 1 | 0 | -5 | 0.00 | 0 | 0 | |
Social Science | 0 | 0 | 1 | 0 | -5 | 0.00 | 0 | 0 | |
Science - Physics | 0 | 0 | 2 | 0 | -10 | 0.00 | 0 | 0 |